000 00653nam a22002177a 4500
999 _c12401
_d12401
003 AR-CdUCM
008 190408b ||||| |||| 00| 0 spa d
040 _aMUNICIPALIDAD PROVINCIAL DEL CUSCO
_cBIBLIOTECA MUNICIPAL DEL CUSCO
082 _aC / 860.4 /
_bC19
100 _aCalderon U., Luis
_924691
245 _aCanto y elegía a Machupijchu /
260 _aCusco :
_bEdiciones Elemento,
_c1969.
300 _c15 cm.
440 _acolección Vigencia.
_n2
_930239
505 _aContenido: Poemas.
650 _aLiteratura Española
_9612
650 _aSiglo XX
_98
650 _aElegía
_930240
942 _2ddc
_cLIBROS
945 _aachl
_d2019-04-08